| 000 | 00616nam a22001697a 4500 | ||
|---|---|---|---|
| 005 | 20251108165213.0 | ||
| 008 | 250721s9999 xx 000 0 ara d | ||
| 082 | 1 | 4 | _a911.566/عبد |
| 100 | 1 | _aعبده، طلعت أحمد محمد | |
| 245 | 1 | 0 | _aالجغرافيا التاريخيه لشبه الجزيره العربية في عصور ما قبل التاريخ / |
| 264 | 1 |
_aالإسكندريه : _bدار المعرفه الجامعيه، _c[19-]. |
|
| 300 | _a373ص | ||
| 650 | 1 | 7 | _aالجغرافيا التاريخيه |
| 650 | 1 | 7 | _aالبلدان العربية |
| 942 |
_2ddc _cBK |
||
| 999 |
_c22022 _d22022 |
||